000 00830cam a22002777a 4500
003 CHAP
005 20220329141453.0
008 971013s1987 r 00010 d
010 _a68685
011 _a69657
035 _a79134
040 _cCHAP
082 _a581.634
_bF4
100 0 0 _aFernández - Pola Cuesta, J.
_940104
245 0 _aPlantas medicinales
_b: un recetario básico
260 _aBarcelona :
_bOmega,
_c1987
300 _a406 p.
_b: ilus.
590 _aBATCH-UPD
_b10
_c20130110
_lUCH01
_h0546
590 _aBATCH-UPD
_b10
_c20130410
_lUCH01
_h0227
590 _aBATCH-UPD
_b10
_c20130914
_lUCH01
_h0741
590 _aCONVERSION
_b10
_c20130109
_lUCH01
_h1338
650 1 4 _aBotánica médica.
_914680
901 _aBK
942 _cLIBRO
949 _a581.634 F4
_bBC
_cC
_d-32016
_eC
_gI.145748
_h75645
_i79134
_si
_t95.70
999 _c68685
_d68685